Knowledge management in theory and practice / (Record no. 69318)

MARC details
000 -LEADER
fixed length control field 01069nam a22002657a 4500
005 - DATE AND TIME OF LATEST TRANSACTION
control field 20120827103550.0
008 - FIXED-LENGTH DATA ELEMENTS--GENERAL INFORMATION
fixed length control field 120827t xxu||||| |||| 00| 0 eng d
010 ## - LCCN (DPL NO)
LC control number ENG-105638
020 ## - INTERNATIONAL STANDARD BOOK NUMBER
International Standard Book Number 9788120346086
Terms of availability 495.00
035 ## - SYSTEM CONTROL NUMBER
System control number EN-89171
037 ## - SOURCE OF ACQUISITION
Source of stock number/acquisition DBAD/PUB
040 ## - CATALOGING SOURCE
Original cataloging agency DPL
Language of cataloging Eng
082 ## - DEWEY DECIMAL CLASSIFICATION NUMBER
Classification number 658.4038
100 ## - MAIN ENTRY--PERSONAL NAME
9 (RLIN) 51282
Personal name Dalkir, Kimiz
245 ## - TITLE STATEMENT
Title Knowledge management in theory and practice /
Statement of responsibility, etc by Kimiz Dalkir
250 ## - EDITION STATEMENT
Edition statement 2nd ed
260 ## - PUBLICATION, DISTRIBUTION, ETC. (IMPRINT)
Place of publication, distribution, etc New Delhi
Name of publisher, distributor, etc PHI Learning
Date of publication, distribution, etc 2012
270 ## - ADDRESS
Address M-97, Connaught Circus
City New Delhi
Postal code 110001
300 ## - PHYSICAL DESCRIPTION
Extent xv,485p. :
Dimensions 24cm(pbk)
Other physical details ill.
500 ## - GENERAL NOTE
General note Includes bibliographical references and index
505 ## - FORMATTED CONTENTS NOTE
Formatted contents note What is knowledge management? -- History of knowledge management -- Why is km important today? -- Key points -- Discussion points.
650 ## - SUBJECT ADDED ENTRY--TOPICAL TERM
Topical term or geographic name as entry element Knowledge management.
9 (RLIN) 51561
942 ## - ADDED ENTRY ELEMENTS (KOHA)
Source of classification or shelving scheme Dewey Decimal Classification
Item type English Books
Call number suffix DAL
Classification part 658.4038
Holdings
Withdrawn status Lost status Source of classification or shelving scheme Damaged status Not for loan Collection code Home library Current library Date acquired Source of acquisition Cost, normal purchase price Total Checkouts Full call number Barcode Date last seen Copy number Cost, replacement price Koha item type
    Dewey Decimal Classification   Not For Loan Non-fiction D.B.Act.Division D.B.Act.Division 27/08/2012 DBAD / PUB 495.00   658.4038 DAL EN-89171 27/08/2012 1 495.00 English Books

© Delhi Public Library
Hit Counter
free hit counter